| 000 | 00686nam a2200157 a 4500 | ||
|---|---|---|---|
| 008 | 210222s2008 ||||||||||||||||| || u | ||
| 020 | _a9780073317083 | ||
| 050 | _aQA 76.64 Wu | ||
| 100 | _aWu, C. Thomas | ||
| 245 | 1 | 2 |
_aA comprehensive introduction to object-oriented programming with java _cBy C.Thomas Wu |
| 260 |
_aNew York _bMcGraw-Hill Higher Education _c2008 |
||
| 300 | _axxv, 1189 pages : illustrations | ||
| 650 | 0 | _aOBJECT-ORIENTED PROGRAMMING (COMPUTER SCIENCE) | |
| 650 | _aJAVA (COMPUTER PROGRAM LANGUAGE) | ||
| 995 |
_D95.76 _FCBU-MAIN LIBRARY (Kitwe) _M1 _UAVAILABLE _WMar 3, 2021 _ZMain Library Open Access Collection |
||
| 999 |
_c38183 _d38183 |
||